Renta, precios y balanza de pagos (Registro nro. 5334)

Detalles MARC
000 -LEADER
fixed length control field 01155 a2200217 4500
001 - CONTROL NUMBER
control field 54066
005 - DATE AND TIME OF LATEST TRANSACTION
control field 20260407155811.0
008 - FIXED-LENGTH DATA ELEMENTS--GENERAL INFORMATION
fixed length control field 260407a1974 arg spa d
003 - CONTROL NUMBER IDENTIFIER
control field AR-UNSa-BCEJYS
040 ## - CATALOGING SOURCE
Original cataloging agency AR-UNSa-BCEJYS
Language of cataloging spa
Transcribing agency AR-UNSa-BCEJYS
080 ## - UNIVERSAL DECIMAL CLASSIFICATION NUMBER
Universal Decimal Classification number 330.1
Common auxiliary subdivision Ciencia económica. Conceptos fundamentales de teoría económica. Valor. Capital. Fondos
020 ## - INTERNATIONAL STANDARD BOOK NUMBER
International Standard Book Number 84-206-2113-7
041 ## - LANGUAGE CODE
Language code of text/sound track or separate title spa
100 1# - MAIN ENTRY--PERSONAL NAME
Personal name Rojo, Luis Ángel
245 10 - TITLE STATEMENT
Title Renta, precios y balanza de pagos
264 #1 - PRODUCTION, PUBLICATION, DISTRIBUTION, MANUFACTURE, AND COPYRIGHT NOTICE
Place of production, publication, distribution, manufacture Madrid :
Name of producer, publisher, distributor, manufacturer Alianza Editorial
Date of production, publication, distribution, manufacture, or copyright notice 1974
300 ## - PHYSICAL DESCRIPTION
Extent 504 p.
Dimensions 20 cm.
505 ## - FORMATTED CONTENTS NOTE
Formatted contents note Primera parte: Introducción general - I. Magnitudes agregadas básicas - II. Corrientes financieras de la economía - Segunda parte: El modelo - III. Un modelo de determinación del nivel de renta en una economía cerrada - IV. El modelo de determinación del nivel de renta en una economía abierta - Tercera parte: Líneas de ampliación del modelo - V. La demanda agregada de consumo - VI. La demanda agregada de inversión - VII. Nivel de empleo,salarios y precios - VIII. El dinero y el sistema financiero
590 ## - LOCAL NOTE (RLIN)
Local note niveau_biblio:m niveau_hierar:0
942 ## - ADDED ENTRY ELEMENTS (KOHA)
Koha item type
Existencias
Withdrawn status Lost status Damaged status Not for loan Home library Current library Shelving location Date acquired Total checkouts Full call number Barcode Date last seen Price effective from Koha item type
        Biblioteca Prof. Eusebio Cleto del Rey Biblioteca Prof. Eusebio Cleto del Rey   07/04/2026   330.1 R628 L13351 07/04/2026 07/04/2026 Libro